Sports Quiz

Random Sports Quiz

Redskins Current Roster (Week 5) Quiz Stats

 Plays Quiz not verified by Sporcle

Score 0/54 Timer 07:00
0 Plays Today
Number Player % Correct
8Kirk Cousins
96.8%
11Desean Jackson
90.3%
24Josh Norman
87.1%
88Pierre Garcon
83.9%
16Colt McCoy
83.9%
86Jordan Reed
83.9%
91Ryan Kerrigan
80.6%
80Jamison Crowder
77.4%
31Matt Jones
77.4%
71Trent Williams
77.4%
26Bashaud Breeland
74.2%
5Tress Way
74.2%
94Preston Smith
74.2%
85Vernon Davis
71%
3Dustin Hopkins
71%
25Chris Thompson
67.7%
18Josh Doctson
64.5%
2Nate Sudfeld
64.5%
84Niles Paul
64.5%
32Robert Kelley
61.3%
92Chris Baker
58.1%
61Spencer Long
58.1%
76Morgan Moses
58.1%
14Ryan Grant
54.8%
75Brandon Scherff
54.8%
13Maurice Harris
51.6%
93Trent Murphy
51.6%
Number Player % Correct
51Will Compton
48.4%
38Kendall Fuller
48.4%
99Ricky Jean Francois
48.4%
41Will Blackmon
45.2%
36Su'a Cravens
45.2%
54Mason Foster
45.2%
47Quinton Dunbar
41.9%
22Deshazor Everett
41.9%
19Rashad Ross
32.3%
20Greg Toler
32.3%
35Dashaun Phillips
32.3%
50Martrell Spaight
32.3%
57Nick Sundberg
32.3%
39Donte Whitner
32.3%
98Matt Ioannidis
25.8%
90Ziggy Hood
25.8%
29Duke Ihenacho
25.8%
79Ty Nsekhe
25.8%
73Cullen Jenkins
25%
72Anthony Lanier
22.6%
77Shawn Lauvao
22.6%
52Terrance Garvin
19.4%
96Houston Bates
16.1%
60Vinston Painter
16.1%
74Arie Kouandijo
16.1%
56John Sullivan
12.9%
9.7%

You're not logged in!

Compare scores with friends on all Sporcle quizzes.
OR
Log In

Sporcle TV

Today on Sporcle TV


Watch our educational content, quiz creation guides, and fun videos on Sporcle TV.

Show Comments

Extras

Top Quizzes Today


Score Distribution

Your Account Isn't Verified!

In order to create a playlist on Sporcle, you need to verify the email address you used during registration. Go to your Sporcle Settings to finish the process.

Report this User

Report this user for behavior that violates our Community Guidelines.

Details: